000 00686cam a2200253 4500
001 J2760
008 090401t1995 xxu||||| |||| 00| 0 eng d
035 _a(Sirsi) u51072
041 _aeng
050 _a595.722
100 _aLea, R. Geraldine
245 _aCockroach infestation of dwellings in the UK.
260 _aGarston, Watford
_bBuilding Research Establishment
_c1995
300 _a(4)p. : ill. ; 30cm.
350 _a0
490 _aBRE Information Paper
_v1/95
650 _aCOCKROACHES
650 _aINSECTS
650 _aPESTS
690 _aENVIRONMENTAL AND LAND CONSULTANCY
710 _aBuilding Research Establishment
942 _n0
948 _c04/03/1997
999 _c92813
_d92813